Central Library OPAC University of Rajshahi

The concept of justice : a critical study / (Record no. 75340)

MARC details
000 -LEADER
fixed length control field 00603nam a2200217 a 4500
001 - CONTROL NUMBER
control field 75340
003 - CONTROL NUMBER IDENTIFIER
rucl marc code BD-RjUL
005 - DATE AND TIME OF LATEST TRANSACTION
control field 20211209082656.0
008 - FIXED-LENGTH DATA ELEMENTS--GENERAL INFORMATION
fixed length control field 190313b1988 ii ||||| b||| 00| 0 eng d
035 ## - SYSTEM CONTROL NUMBER
System control number (BD-RjUL) 75558
040 ## - CATALOGING SOURCE
Original cataloging agency BD-RjUL
Language of cataloging eng
Transcribing agency BD-RjUL
041 ## - LANGUAGE CODE
Language code of text/sound track or separate title eng
082 ## - DEWEY DECIMAL CLASSIFICATION NUMBER
Edition number 23
Classification number 340.114
Author mark and year SAC 1988
100 1# - MAIN ENTRY--PERSONAL NAME
Personal name Sahoo, Dibakar
9 (RLIN) 164551
245 14 - TITLE STATEMENT
Title The concept of justice : a critical study /
Statement of responsibility, etc. Dibakar Sahoo
260 ## - PUBLICATION, DISTRIBUTION, ETC. (IMPRINT)
Place of publication, distribution, etc. Delhi :
Name of publisher, distributor, etc. Atlantic Publishers,
Date of publication, distribution, etc. 1988
300 ## - PHYSICAL DESCRIPTION
Pagination 142 pages ;
Size 22 cm
504 ## - BIBLIOGRAPHY, ETC. NOTE
Bibliography, etc Includes Bibliography
650 ## - SUBJECT ADDED ENTRY--TOPICAL TERM
Topical term or geographic name as entry element Justice.
9 (RLIN) 229360
942 ## - ADDED ENTRY ELEMENTS (KOHA)
Source of classification or shelving scheme Dewey Decimal Classification
Koha item type Books
Holdings
Lost status Source of classification or shelving scheme Damaged status Not for loan Collection code Permanent Location Current Location Shelving location Date acquired Source of acquisition Total Checkouts Full call number Date last seen Copy number Koha item type
  Dewey Decimal Classification   Not For Loan Non-fiction Central Library, University of Rajshahi Central Library, University of Rajshahi Reading Room 01/02/1993 photocopy   340.114 SAC 1988 13/03/2019 C-1 Books